Programming Languages - "1+2=3" - Statistics

General Stats
  • This quiz has been taken 288 times
  • The average score is 6 of 10
Answer Stats
Code Language % Correct
int a = 1;int b = 2; int c = a + b; System.out.printf("%d+%d=%d\n", a, b, c); Java
93%
var a = 1, b = 2;var c = a + b;
console.log(a + "+" + b + "=" + c);
JavaScript
88%
int a = 1, b = 2;int c = a + b;
printf("%d+%d=%d\n", a, b, c);
C
79%
a = 1b = 2 c = a + b print(a, "+", b, "=", c, sep="") Python
76%
$a = 1$b = 2 $c = $a + $b echo "$a+$b=$c" PHP
64%
int a = 1, b = 2;int c = a + b; cout << a << '+' << b << '=' << c << endl; C++
42%
a = 1b = 2 c = a + b puts "#{a}+#{b}=#{c}" Ruby
40%
a = 1, b = 2c = a + b fmt.Printf("%d+%d=%d\n", a, b, c) Go
29%
Dim a As Integer = 1Dim b As Integer = 2 Dim c As Integer = a + b Console.WriteLine("{0}+{0}={0}", a, b, c) Visual Basic
24%
var a = 1var b = 2 var c = a + b print("\(a)+\(b)=\(c)") Swift
16%
No matching quizzes found
Score Distribution
Percent of People with Each Score
Percentile by Number Answered
Your Score History
You have not taken this quiz